• 首页
  • 本馆介绍
  • 公告通知
  • 最新文献
  • 馆藏检索
  • 电子资源
  • 读者导购
  • 参考咨询
  • 我的图书馆
  • 登录
  • 详细信息显示
  • 放入我的书架
  • 预约/预借图书
  • 作者相关作品
  • 分类相关作品
  • 丛书相关作品
  • 出版社相关作品

书目信息

  • 表格格式
  • 工作单格式
  • 卡片格式
题名:
生产力经济学与新技术革命
    
 
作者: ;中国生产力经济学研究会
分册:  
出版信息: 杭州   浙江大学出版社  1986.12
页数: 370页
开本: 19cm
丛书名:
单 册:
中图分类: F014.1
科图分类:
主题词: 政治经济学--概论
电子资源:
ISBN:
000 00696nam0 2200205 45
001 0404230844
005 20040423081946.4
010    @dCNY1.70
091    @a4337.002
100    @a20040423d1986 km y0chiy0120 ea
101 0  @achi
105    @a z 000yy
200 1  @a生产力经济学与新技术革命@ASheng Chan Li Jing Ji Xue Yu Xin Ji Shu Ge Ming@f中国生产力经济学研究会编@FZhong Guo Sheng Chan Li Jing Ji Xue Yan Jiu Hui Bian
210    @a杭州@c浙江大学出版社@d1986.12
215    @a370页@d19cm
606 0  @a政治经济学@x概论
690    @aF014.1@v3
711 02 @a中国生产力经济学研究会@AZhong Guo Sheng Chan Li Jing Ji Xue Yan Jiu Hui
801    @aCN@bTSTCL@c20040423
905    @f1@b252656@dF014.1@e127
    
    生产力经济学与新技术革命/中国生产力经济学研究会编.-杭州:浙江大学出版社,1986.12
    370页;19cm
    
    
    ISBN :CNY1.70
    
●
相关链接 在E读中查询图书 在五车中查询图书 在当当中查询图书 在豆瓣中查询图书


正题名:生产力经济学与新技术革命     索取号:F014.1/127         预约/预借

序号 登录号 条形码 馆藏地/架位号 状态 备注
1 0252656   001269442   第一借阅区/ [索取号:F014.1/127] 在馆    
2 0252657   001269451   第一样本阅览室/ [索取号:F014.1/127] 在馆    
唐山师范学院图书馆 欢迎您!
大连网信软件有限公司© 版权所有